Races de chien (moyen) - Statistiques

Statistiques générales
  • Ce quiz a été pris 72 fois
    5 depuis la dernière actualisation
  • Le résultat moyen est 10 sur 12
Statistiques - réponses
Par images Réponse % Correct
Boxer
100%
Bull terrier
100%
Golden retriever
100%
Labrador retriever
100%
Shiba Inu
100%
Teckel
100%
Terre-Neuve
100%
Épagneul cavalier King-Charles
80%
Terrier du Yorkshire
80%
Braque hongrois
60%
Grand danois
60%
Lévrier italien
40%
Aucun quiz correspondant
Distribution des résultats
% des personnes avec chaque résultat
Percentile par nombre de réponses
Votre historique - résultats
Vous n’avez pas pris ce quiz depuis la dernière actualisation